000 00925nam a22002297a 4500
005 20210325173958.0
008 s2538 th tha d
020 _a9747014971
041 _atha
050 _aE99.L24 บ895ด 2538
100 0 _aแบร์, ลูเธอร์ แสตนดิ้ง
245 1 0 _aดินแดนแห่งนกอินทรี : วิถีแห่งธรรมชาติของชนเผ่าลาโกต้า
260 3 _aกรุงเทพฯ :
_bมูลนิธิโกมล คีมทอง,
_c2538
300 _a302 หน้า ;
_b 21 ซม.
650 0 4 _aลาโกต้า (อินเดียนแดง)
650 0 4 _aอินเดียนแดง
700 0 _aแบร์, ลูเธอร์ แสตนดิ้ง
850 _aNALT
942 _cGB
997 _c000000000002824
998 _aNarumon Suwan
999 _c2824
_d2824